| 000 | 00459nam a2200157 i 4500 | ||
|---|---|---|---|
| 001 | 33502 | ||
| 003 | ES-MaACL | ||
| 005 | 20230906154753.0 | ||
| 007 | t| | ||
| 008 | 030202s1972 sp ||||1| spa d | ||
| 245 | 0 | 3 |
_aLa biosfera / _c[Traductor: Mª Carmen Téllez de Gracia]. |
| 260 |
_aMadrid : _bAlianza, _c[1972] |
||
| 300 |
_a267 p. : _bil. ; _c18 cm. |
||
| 700 | 1 |
_aTéllez de Gracia, María del Carmen. _9109639 |
|
| 852 |
_aES-MaACL _jC-49161 _bR.80816 |
||
| 999 |
_c33502 _d33502 |
||